Detalles MARC
| 000 -LÍDER |
| Campo fijo de descripción fija |
01221aam a2200313 4500 |
| 001 - NÚMERO DE CONTROL |
| Campo de control |
768714001 |
| 003 - IDENTIFICADOR DEL NÚMERO DE CONTROL |
| Campo de control |
CO-MdFUSB |
| 005 - FECHA Y HORA DE LA ULTIMA TRANSACCIÓN |
| control field |
20180622074833.0 |
| 008 - ELEMENTOS DE LONGITUD FIJA -- INFORMACIÓN GENERAL |
| Campo fijo de descripción fija -- Información general |
170428b xxu||||| |||| 00| 0 eng d |
| 020 ## - NÚMERO INTERNACIONAL NORMALIZADO PARA LIBROS |
| Número Internacional Normalizado del libro |
0-86012-200-X |
| 040 ## - FUENTE DE CATALOGACIÓN |
| Agencia de catalogación original |
CO-MdFUSB |
| Idioma de catalogación |
spa |
| Agencia que realiza la transcripción |
CO-MdFUSB |
| Agencia que realiza la modificación |
CO-MdFUSBC |
| Convenciones de la descripción |
rda |
| 041 ## - CÓDIGO DE IDIOMA |
| Código de idioma para texto/pista de sonido o título separado |
eng |
| 082 04 - NÚMERO DE CLASIFICACIÓN DECIMAL DEWEY |
| Número de clasificación |
G 232 S6779j |
| 100 1# - ASIENTO PRINCIPAL--NOMBRE PERSONAL |
| Nombre personal |
Sobrino, Jon |
| Término relacionador |
autor |
| 245 10 - TÍTULO |
| Título del Material |
Jesus the liberator |
| Parte restante del título - Subtitulo |
: A historical-theological reading of Jesus of Nazareth |
| Mención de responsabilidad, etc. |
/ Jon Sobrino ; Translated by Paul Burns, Francis Mcdonagh |
| 264 #1 - PRODUCCIÓN, PUBLICACIÓN, DISTRIBUCIÓN, MANUFACTURA, Y COPYRIGHT |
| Lugar de producción, publicación, distribución, manufactura |
Kent, England : |
| Nombre del productor, publicador, distribuidor |
Burns & Oates, |
| Fecha de producción, publicación, distribución, manufactura, o copyright |
[1993] |
| 264 #4 - PRODUCCIÓN, PUBLICACIÓN, DISTRIBUCIÓN, MANUFACTURA, Y COPYRIGHT |
| Fecha de producción, publicación, distribución, manufactura, o copyright |
©1993 |
| 300 ## - DESCRIPCIÓN FÍSICA |
| Extensión |
308 páginas |
| Dimensiones |
; 24 cm. |
| 336 ## - TIPO DE CONTENIDO |
| Fuente |
rdacontent |
| Término de tipo de contenido |
|
| Código de tipo de contenido |
|
| 337 ## - TIPO DE MEDIO |
| Fuente |
rdamedia |
| Nombre del tipo de medio |
|
| Código del tipo de medio |
|
| 338 ## - TIPO DE SOPORTE |
| Fuente |
rdacarrier |
| Nombre del tipo de soporte |
|
| Código Tipo de soporte |
|
| 501 ## - NOTA DE “CON” |
| Nota de Contenido |
Rústico |
| 505 00 - NOTA DE CONTENIDO |
| Nota de contenido con formato preestablecido |
¿Por qué otro libro de cristología? - El método de la cristología latinoamericana - La misión y la fe de Jesús - La cruz de Jesús |
| 534 ## - NOTA DE VERSION ORIGINAL |
| Publicación, distribución, etc. del original |
Jesucristo liberador, Lectura histórica-teológica de Jesús de Nazaret \ Incluye índice (p. 303-308) |
| Frase introductoria |
Título original en español: |
| 600 07 - ASIENTO SECUNDARIO DE MATERIA - NOMBRE PERSONAL |
| Nombre personal |
Jesucristo |
| Subdivisión general |
Crucifixión |
| 630 #7 - TITULO UNIFORME |
| Título uniforme |
Biblia. |
| Nombre de parte o sección de la obra |
Evangelios |
| Subdivisión de materia general |
Crítica, interpretación, etc. |
| 650 #7 - ASIENTO SECUNDARIO DE MATERIA - TERMINO TEMÁTICO |
| Término temático o nombre geográfico como elemento de entrada |
Cristología |
| 9 (RLIN) |
239 |
| 942 ## - TIPO DE MATERIAL (KOHA) |
| Tipo de Item KOHA |
Libros General |